000 01155nam a2200301 i 4500
001 000019759
003 DO-SdBNP
005 20240710111524.0
007 ta
008 100705s2022 ck a r 000 f spa d
020 _a9789945182064
040 _aDO-SdBNP
_bspa
_cBNPHU
_erda
082 4 _aRD864.44
_bF363m
_222
100 1 _942216
_aFernández Rodríguez, Aura Celeste
_eautora
245 1 0 _aMis sueños son sencillos /
_cAura Celeste Fernández Rodríguez
264 1 _aSanto Domingo :
_bJaime Meléndez Plucidad,
_c©2022.
300 _a348 páginas :
_bilustraciones ;
_c24 cm.
336 _2rdacontent
_atexto
_btxt
337 _2rdamedia
_asin mediación
_bn
338 _2rdacarrier
_avolumen
_bnc
500 _aIncluye datos biográficos de la autora en las solapas
500 _aEste libro recoge artículos en los últimos 10 años en Acento. Es un recuento de momentos de pasión, de alegría, de dolor, de tormento, indignación, de tristeza.
590 _aInventariado, 2023 / DG
650 4 _91075
_aEnsayos dominicanos
650 4 _91074
_aLiteratura dominicana
910 _aDG/Validado. Control de calidad MFF
942 _2ddc
_cLBS1
999 _c53812
_d53812